Detalles MARC
| 000 -LIDER |
| fixed length control field |
00945nam a2200277 a 4500 |
| 001 - NÚMERO DE CONTROL |
| Identificador de número de control |
000043884 |
| 003 - IDENTIFICACDOR DE NÚMERO DE CONTROL |
| control field |
DO-SdBNP |
| 005 - DATE AND TIME OF LATEST TRANSACTION |
| control field |
20180307115328.0 |
| 007 - CAMPOS FIJOS DE DESCRIPCIÓN FÍSICA |
| fixed length control field |
000043884 |
| 008 - ELEMENTOS DE LONGITUD FIJA |
| fixed length control field |
150828s2004 dr ac 000 spa d |
| 020 ## - ISBN |
| International Standard Book Number |
9945400878 |
| 040 ## - FUENTE DE CATALOGACIÓN |
| Agencia que crea de manera original el registro |
BPMSU |
| Idioma de catalogación |
spa |
| Agencia que realiza la transcripción |
BPMSU |
| 092 ## - LOCALLY ASSIGNED DEWEY DECIMAL CALL NUMBER |
| Número de clasificación |
xxxxx |
| Número de ítem (Cutter) |
xxxxx |
| 100 1# - ASIENTO PRINCIPAL -- NOMBRE PERSONAL |
| Nombre personal |
Cuello del Orbe, Elisa Ysabel |
| 245 10 - MENCIÓN DE TITULO |
| Título |
Retoño 3 : |
| Subtítulo |
pre-escritura / |
| Mención de responsabilidad |
Elisa Ysabel Cuello del Orbe ; producción editorial María del Jesús de la Rosa ; ilustraciones Ramón Sandoval. |
| 260 ## - PUBLICACIÓN, DISTRIBUCIÓN, ETC. (PIE DE IMPRENTA) |
| Lugar de publicación, distribución, etc |
Santo Domingo : |
| Nombre del editor, distribuidor, etc. |
Actualidad Escolar 2000, |
| Fecha de publicación, distribución, etc |
[200?]. |
| 300 ## - DESCRIPCIÓN FÍSICA |
| Extensión |
64 p. : |
| Otros detalles físicos |
il. ; |
| Dimensiones |
22 cm. |
| 500 ## - NOTA GENERAL |
| Nota general |
Educación inicial |
| 500 ## - NOTA GENERAL |
| Nota general |
La biblioteca posee el v. 3 |
| 700 12 - ASIENTO SECUNDARIO -- NOMBRE PERSONAL |
| Nombre personal |
Sandoval, Ramón, |
| Mención de responsabilidad |
il. |
| 700 12 - ASIENTO SECUNDARIO -- NOMBRE PERSONAL |
| Nombre personal |
Rosa, María del Jesús de la, |
| Mención de responsabilidad |
ed. |
| 942 ## - ADDED ENTRY ELEMENTS (KOHA) |
| Source of classification or shelving scheme |
Dewey Decimal Classification |
| Koha item type |
Libros |
| 945 ## - INFORMACIÓN DE PROCESAMIENTO LOCAL |
| Información de procesamiento local |
Inventariado / 2018 VM |
| 956 ## - LOCAL ELECTRONIC LOCATION AND ACCESS (OCLC) |
| Nombre de host |
VMATEO |
| Número de acceso |
10 |
| Información de compresión |
20150830 |
| Inicio de sesión |
BPMSU |
| Procesador de solicitud |
00151 |
| 956 ## - LOCAL ELECTRONIC LOCATION AND ACCESS (OCLC) |
| Nombre de host |
LOPEREZ |
| Número de acceso |
10 |
| Información de compresión |
20160426 |
| Inicio de sesión |
BPMSU |
| Procesador de solicitud |
00041 |